| 000 | 00633nam a2200205 a 4500 | ||
|---|---|---|---|
| 001 | 11803 | ||
| 003 | CO-ViMGA | ||
| 008 | 141112s2004 ck r 000 u spa d | ||
| 020 | _a8449403707 | ||
| 040 |
_aCO-ViMGA _bspa _cCO-ViMGA |
||
| 082 | 0 | 4 | _a862.31 L864t |
| 100 | 1 |
_aLope de Vega, _916511 |
|
| 245 | 1 | 0 |
_aTeatro : _bFuenteovejuna; Peribáñez y el comendador de Ocaña; El caballero de Olmedo; La Dama boba |
| 260 |
_aBarcelona, _cOceano Editorial |
||
| 300 | _a468 p. | ||
| 490 | _aGrandes Autores | ||
| 650 | 1 | 4 |
_aTEATRO ESPAÑOL _95746 |
| 650 | 1 | 4 |
_aVEGA CARPIO, FELIX LOPE DE, 1562 - 1635, TEATRO _916512 |
| 942 |
_2ddc _cBK |
||
| 999 |
_c22948 _d22948 |
||